000 00879nam a2200217 a 4500
003 0
005 20250221101655.0
008 110621s19uu xx 00 eng d
050 _aPHS RM 666.P57
_b.M31 2011
100 _aMante, Elaine Lhel G.
245 _aThe effects of Tamarindus indica L. extract on Campylobacter jejuni /
_cElaine Lhel G. Mante.
260 _aLas PiƱas City, Philippines :
_bSouthville International School and Colleges,
_c2011.
300 _a24 pages :
_billustrations ;
_c28 cm.
504 _aIncludes bibliographical references.
650 _aTamarindus indica
_xPharmacological properties.
650 _aPlant extracts
_xAntibacterial activity.
650 _aCampylobacter jejuni
_xEffect of antibacterial agents.
650 _aHerbal medicine
_xMicrobiological aspects.
650 _aAntimicrobial activity of natural products.
942 _2lcc
_cPASS
999 _c98573
_d98573